00446 2200169 4500001002100000005001500021008004100036020002200077035001900099041000700118082001000125090001600135100003400151245003700185260003500222300001900257INLIS00000000001720120241224115252241224||||||||| | ||| |||| || |  a978-602-217-127-0 0010-1224017201 aid0 a371.3 a371.3 HAM b0 aHamzah b.uno & Nurdin mohamad00aBELJAR DENGAN PENDEKATAN PAILKEM aJakartabpt bumi angkasac2015 a344 hlm.;23 cm